Statistics for Physics, Famous Physicists

Click here to take the quiz!

General Stats

  • This quiz has been taken 1,813 times
    (1,784 since last reset)
  • The average score is 8 of 17

Answer Stats

HintAnswer% Correct
General RelativityAlbert Einstein
98%
Had a famous catErwin Schrödinger
81%
Joint research on radiationPierre and Marie Curie
78%
A Brief History of TimeStephen Hawking
78%
uncertainty principleWerner Heisenberg
72%
The shell model of the atom, told Einstein he was wrong at Copenhagen interpretationNiels Bohr
72%
DynomiteAlfred Nobel
67%
God Particle with Satyendra Nath BosePeter Higgs
53%
Exclusion PrincipleWolfgang Pauli
51%
founder of quantum theoryMax Planck
47%
neutron irradiation, lab named for outside ChicagoEnrico Fermi
33%
radioGuglielmo Marconi
28%
Incompleteness theoremsKurt Gödel
15%
parity violation; ____ & (Robert L.) Mills theoryChen Ning Yang
13%
statistical interpretation of the wavefunction, rigidity, approximationMax Born
12%
bubble chamberDonald Arthur Glaser
3%
photoelectric effect, cosmic rayRobert Andrews Millikan
3%

Score Distribution

Percentile by Number Answered

Percent of People with Each Score

Your Score History

You have not taken this quiz since the last reset